000 00573nam a2200181Ia 4500
003 IN-BaIIA
008 211028s9999 xx 000 0 eng d
040 _cIIA Library
080 _a524.3-64
_bPRE-5
100 _aPreisendorfer, R. W
_910992
245 0 _aHydrologic optics
_bvol. V
_cR. W. Preisendorfer
260 _aHawaii
_bU. S. Department of Commerce
_c1976
300 _aix, 296p.
650 _aAstronomy and astrophysics thesaurus
650 _aHydrologic optics
_910993
650 _aRadiative transfer
_91568
942 _cBK
999 _c6407
_d6407